Jana Matějková-Middleton : future is now = budoucnost je teď : Galerie moderního umění v Hradci Králové, 13.9.2012-18.11.2012 : [katalog k výstavě /

Hlavní autor: Matějková-Middleton, Jana, 1979-
Korporativní autor: Galerie moderního umění (Hradec Králové, Česko)
Další autoři: Caeiro, Mário, Vítková, Martina, 1968-
Jazyk: Čeština
Angličtina
Vydáno: Hradec Králové : Galerie moderního umění v Hradci Králové, 2012
Vydání: 1. vyd.
Témata:
Fyzický popis: 23 s. : barev. il., 1 portrét ; 30 cm + il. (1 dvoul.)
Language note: Souběžný anglický text
Knihy
Uloženo v:
LEADER 02234nam a2200577 a 4500
001 nkc20122391873
003 CZ PrNK
005 20130321134451.0
007 ta
008 120820s2012 xr ac e c 000 0dcze
020 |a 978-80-87605-01-1  |q (brož.) 
040 |a BOA001  |b cze 
041 1 |a cze  |a eng  |h cze 
043 |a e-xr--- 
045 |a y0y1 
072 7 |a 72/76  |x Výtvarné umění  |2 Konspekt  |9 21 
080 |a 72/76(437.3)  |2 MRF 
080 |a 7.038.544  |2 MRF 
080 |a 7.038.55  |2 MRF 
080 |a (437.3)  |2 MRF 
080 |a (083.824)  |2 MRF 
100 1 |a Matějková-Middleton, Jana,  |d 1979-  |7 jo2005314344  |4 art  |4 wfw 
245 1 0 |a Jana Matějková-Middleton :  |b future is now = budoucnost je teď : Galerie moderního umění v Hradci Králové, 13.9.2012-18.11.2012 : [katalog k výstavě /  |c texty Mário Caeiro, Martina Vítková, Jana Matějková] 
246 3 0 |a Future is now 
246 3 0 |a Budoucnost je teď 
250 |a 1. vyd. 
260 |a Hradec Králové :  |b Galerie moderního umění v Hradci Králové,  |c 2012 
300 |a 23 s. :  |b barev. il., 1 portrét ;  |c 30 cm +  |e il. (1 dvoul.) 
500 |a Životopisná data a přehled výstav 
500 |a 300 výt. 
504 |a Obsahuje bibliografické odkazy 
546 |a Souběžný anglický text 
600 1 7 |a Matějková-Middleton, Jana,  |d 1979-  |7 jo2005314344  |2 czenas 
648 4 |a 2005-2012 
648 7 |a 21. století  |7 ch460559  |2 czenas 
650 0 7 |a české výtvarné umění  |7 ph116865  |y 21. stol.  |2 czenas 
650 0 7 |a objekty (umění)  |7 ph123590  |2 czenas 
650 0 7 |a instalace (umění)  |7 ph121119  |2 czenas 
650 0 9 |a Czech art  |y 21st century  |2 eczenas 
650 0 9 |a objects (art)  |2 eczenas 
650 0 9 |a installations (art)  |2 eczenas 
655 7 |a katalogy výstav  |7 fd132536  |2 czenas 
655 9 |a exhibition catalogs  |2 eczenas 
700 1 |a Caeiro, Mário  |7 mzk2013744344  |4 wfw 
700 1 |a Vítková, Martina,  |d 1968-  |7 ola2003206251  |4 wfw 
710 2 |a Galerie moderního umění (Hradec Králové, Česko)  |7 kn20010709266 
910 2 |a BOA001  |b 4-1298.765 
990 |a BK 
995 |a 11 
991 |b 201302  |c NOV  |e n 
996 6 |b 2610536842  |c 4-1298.765  |l MZK  |r Sklad / do 1 hodiny  |n 0  |p p.v.  |w 001310325  |u 000010  |a 1  |e BOA001  |j MZK50  |s P